Pays qui ont gagné la Ligue Europa - Mort Subite - Statistiques

Statistiques générales
  • Ce quiz a été pris 338 fois
  • Le résultat moyen est 6 sur 11
Answers on the Grid
Answers color-coded by a green-red scale on the quiz's grid according to % correct below.
Pologne
Allemagne
Angleterre
Belgique
Croatie
Danemark
Ecosse
Espagne
France
Grèce
Hongrie
Italie
Monaco
Pays-Bas
Portugal
République Tchèque
Russie
Serbie
Suède
Turquie
Ukraine
 
Statistiques - réponses
Réponse % Correct
Villarreal CF, Valence CF, Real Madrid, Atlético de Madrid, Séville FC Espagne
76%
Ipswich Town, Manchester United, Chelsea FC, Tottenham Hotspur, Liverpool FC Angleterre
75%
Atalanta Bergame, SSC Naples, Parme AC, Juventus, Inter Milan Italie
74%
Schalke 04, Bayern Munich, Bayer Leverkusen, Eintracht Francfort, Borussia Mönchengladbach Allemagne
71%
FC Porto Portugal
71%
PSV Eindhoven, Ajax Amsterdam, Feyenoord Rotterdam Pays-Bas
64%
Galatasaray Turquie
35%
Zénith Saint-Pétersbourg, CSKA Moscou Russie
33%
Chakhtar Donetsk Ukraine
29%
RSC Anderlecht Belgique
27%
IFK Göteborg Suède
10%
Aucun quiz correspondant
Distribution des résultats
% des personnes avec chaque résultat
Percentile par nombre de réponses
Votre historique - résultats
Vous n’avez pas pris ce quiz